F01_小学校の教科書に多く使われている単語(日本語) - Statistics

General Stats
  • This quiz has been taken 19 times
  • The average score is 70 of 300
Answer Stats
順位 使用回数 品詞 単語 % Correct
111 509 名詞
94%
24 1681 名詞
88%
161 389 名詞・副詞
88%
191 330 名詞・副詞
88%
226 282 名詞
88%
259 236 名詞
88%
75 665 名詞 度/~度
82%
1 14496 動詞 する
76%
28 1450 形容詞 良い
76%
69 711 名詞
76%
245 249 動詞 動く
76%
246 248 名詞 手/~手
76%
290 210 名詞 回/~回
76%
5 3872 動詞 有る
71%
29 1422 動詞 行く
71%
69 711 名詞
71%
71 703 動詞 聞く
71%
2 7072 動詞 居る
65%
4 4640 形容動詞 ~様
65%
227 279 名詞
65%
243 256 名詞 線/~線
65%
271 226 名詞
65%
6 3621 動詞 見る/診る
59%
10 2768 動詞 書く/描く
59%
33 1277 名詞・副詞
59%
45 1106 動詞 来る
59%
129 459 名詞・副詞
59%
133 455 名詞
59%
143 430 動詞 話す
59%
212 303 名詞 かく/角
59%
223 288 動詞 やる/遣る
59%
228 275 動詞 割る
59%
15 2179 名詞 もの/物
53%
22 1700 動詞 言う
53%
35 1249 名詞 日本/ニッポン
53%
36 1247 連体詞 その
53%
38 1225 形容詞 大きい
53%
46 1012 副詞 どう
53%
55 900 名詞
53%
58 867 連体詞 この
53%
102 551 動詞 知る
53%
121 479 名詞 理科
53%
197 320 動詞・名詞 位置
53%
223 288 名詞
53%
246 248 形容詞 小さい
53%
30 1387 名詞 メートル/m
53%
13 2365 連体詞 どの
47%
19 1812 名詞
47%
66 722 形容詞 無い
47%
127 467 名詞
47%
154 399 名詞
47%
164 383 副詞 よく/良く
47%
172 359 名詞
47%
207 305 動詞 食べる
47%
230 273 名詞
47%
267 231 名詞
47%
166 369 名詞 グラム/g
47%
3 6910 名詞 こと/事
41%
23 1688 名詞
41%
26 1665 動詞 つく
41%
37 1236 動詞 読む
41%
72 699 名詞 これ
41%
79 648 名詞 学校
41%
174 352 名詞
41%
178 344 名詞・副詞
41%
185 335 名詞 どれ
41%
191 330 動詞 付く/点く
41%
231 272 名詞・副詞 ころ/頃
41%
150 412 動詞 とる/取る/採る/獲る/捕る/摂る
41%
12 2576 名詞・副詞
35%
21 1738 名詞
35%
52 922 名詞 円/~円
35%
53 910 名詞 問題
35%
59 832 名詞 考え
35%
126 468 動詞 置く
35%
128 462 名詞
35%
145 425 名詞 答え
35%
163 384 名詞 世界
35%
170 363 名詞 町/街
35%
273 224 名詞 円(形)
35%
7 3605 動詞 成る/なる
29%
9 2980 動詞 考える
29%
25 1670 名詞 言葉
29%
27 1656 名詞
29%
34 1262 動詞 思う
29%
42 1183 名詞・副詞 ため/為
29%
56 890 動詞 学ぶ
29%
57 870 動詞 変わる/変る
29%
63 739 名詞
29%
86 617 名詞 友達
29%
87 616 名詞
29%
104 537 形容詞 多い
29%
125 469 動詞 出る
29%
140 438 名詞
29%
166 369 名詞 どこ
29%
170 363 動詞 出す
29%
173 357 名詞・副詞 始め/初め/~初め
29%
176 350 連体詞 大きな
29%
180 338 名詞 それ
29%
188 333 動詞 入る
29%
210 304 名詞・副詞
29%
277 221 名詞
29%
20 1810 名詞 センチメートル/cm
29%
14 2235 動詞 できる/出来る
24%
17 1955 動詞 作る/創る
24%
39 1215 名詞 自分
24%
50 952 名詞
24%
54 907 動詞 付ける
24%
61 768 連体詞 同じ
24%
64 736 動詞 因る
24%
67 719 名詞 時間/~時間
24%
88 609 名詞・副詞 みな/みんな/皆
24%
106 526 形容詞 重い
24%
106 526 動詞 違う
24%
109 521 名詞 点/~点
24%
113 506 名詞
24%
142 434 動詞 持つ
24%
146 424 名詞 リットル/l
24%
148 423 動詞・名詞 生活
24%
153 406 名詞 植物
24%
159 392 動詞 変える
24%
183 336 名詞 漢字
24%
199 317 名詞 子ども/子供
24%
206 306 名詞 動物
24%
215 300 動詞 買う
24%
236 263 名詞
24%
244 253 動詞 起きる
24%
258 237 名詞 キログラム/㎏
24%
264 232 形容動詞 ~そう
24%
264 232 名詞 方法
24%
284 217 形容動詞 同じ
24%
18 1947 名詞 年/~年
18%
31 1346 名詞 何~
18%
32 1316 動詞 分かる
18%
40 1215 名詞・副詞 ところ/所
18%
41 1213 形容詞 長い
18%
51 950 形容動詞・連体詞 どんな
18%
60 772 名詞
18%
73 691 名詞
18%
76 663 動詞 比べる
18%
77 650 動詞 伝える
18%
77 650 名詞
18%
82 627 形容詞 高い
18%
85 618 名詞
18%
93 590 動詞・名詞 記録
18%
94 587 副詞・接続詞 また/又
18%
117 493 名詞 文章
18%
120 483 名詞
18%
131 457 動詞・名詞 実験
18%
135 449 名詞
18%
144 429 名詞 理由
18%
158 393 名詞 温度
18%
183 336 動詞 掛ける
18%
207 305 名詞
18%
218 297 動詞 増える
18%
237 262 名詞 違い
18%
238 261 名詞
18%
290 210 名詞 中国
18%
298 208 名詞・副詞
18%
179 340 名詞 キロメートル/km
18%
11 2595 動詞 使う
12%
62 744 動詞・名詞 計算
12%
74 668 動詞 求める
12%
103 548 名詞・副詞 結果
12%
111 509 形容動詞・名詞 三角
12%
114 504 名詞 情報
12%
121 479 動詞 行う
12%
124 475 名詞
12%
138 445 動詞・名詞 変化
12%
139 442 名詞 場所
12%
141 437 名詞 グラフ
12%
157 397 名詞 分数
12%
174 352 動詞 合わせる
12%
177 349 名詞・副詞 多く
12%
181 337 名詞 周り/回り
12%
193 327 名詞
12%
193 327 動詞 選ぶ
12%
200 315 名詞 気温
12%
201 313 名詞 小数
12%
207 305 名詞 中心
12%
210 304 名詞 電気
12%
219 295 名詞
12%
221 293 動詞・名詞 筆算
12%
234 266 動詞 感じる/感ずる
12%
238 261 助詞 ~くらい/~ぐらい
12%
252 243 動詞 気づく/気付く
12%
252 243 名詞 物語
12%
254 240 形容詞 正しい
12%
256 239 名詞 生き物
12%
257 238 名詞 気持ち
12%
259 236 名詞
12%
261 235 名詞 ノート
12%
264 232 名詞 どちら
12%
272 225 名詞 割合
12%
273 224 動詞 育てる
12%
277 221 動詞 似る
12%
281 220 名詞 パーセント/%
12%
287 215 動詞 もらう/貰う
12%
288 213 名詞・副詞 時代
12%
290 211 名詞 外国
12%
300 208 名詞 平方メートル
12%
8 3144 動詞 調べる
6%
44 1114 名詞 倍/~倍
6%
49 953 動詞 まとめる/纏める
6%
80 644 動詞・名詞 工夫
6%
81 633 名詞 ページ/~ページ
6%
90 608 名詞 面積
6%
91 597 名詞・副詞 それぞれ/其々
6%
97 581 名詞 地域
6%
98 575 名詞 人々
6%
99 572 動詞・名詞 説明
6%
100 570 動詞・名詞 観察
6%
105 534 形容動詞 色々
6%
108 523 動詞・名詞 練習
6%
115 497 名詞 空気
6%
119 488 副詞 もっと
6%
132 456 副詞 たくさん/沢山
6%
133 455 名詞 資料
6%
136 447 名詞 まとめ/纏め
6%
149 416 名詞 人物
6%
151 411 名詞 暮らし/暮し
6%
154 399 名詞 分/~分
6%
154 399 動詞 分ける
6%
162 387 名詞 体積
6%
165 378 名詞 写真
6%
168 365 名詞 直線
6%
181 337 動詞・名詞 利用
6%
185 335 動詞・名詞 活動
6%
189 331 名詞 自動
6%
196 323 動詞 見える
6%
202 312 名詞 組/~組
6%
215 300 動詞 つなぐ/繋ぐ
6%
231 272 動詞・名詞 発表
6%
233 267 名詞 土地
6%
235 264 動詞 溶ける
6%
241 259 名詞 作り/~作り
6%
254 240 名詞 図書
6%
276 222 動詞・名詞 意味
6%
277 221 形容動詞・名詞 危険
6%
282 219 名詞・副詞 一番
6%
284 217 名詞 天気
6%
299 208 動詞 育つ
6%
16 2137 助詞 ~など/~等
0%
43 1140 名詞 様子
0%
47 990 動詞 表す/表わす
0%
48 973 動詞・名詞 学習
0%
65 729 動詞 振り返る
0%
68 716 動詞 確かめる
0%
83 626 動詞 見つける/見付ける
0%
84 624 動詞 生かす/活かす
0%
88 609 動詞 話し合う
0%
92 593 形容動詞 大切
0%
94 587 動詞・名詞 関係
0%
96 586 名詞 めあて/目当て
0%
101 562 名詞・副詞 ほか/他/外
0%
110 510 動詞 入れる
0%
116 494 助詞 ~だけ
0%
118 489 動詞 決める
0%
121 479 名詞 工場
0%
130 458 動詞・名詞 予想
0%
137 446 名詞 働き
0%
146 424 名詞 しかた/仕方
0%
152 409 名詞 学び
0%
160 390 動詞 集める
0%
169 364 動詞 守る
0%
187 334 名詞 カード
0%
189 331 動詞・名詞 計画
0%
195 326 動詞・名詞 生産
0%
197 320 名詞 内容
0%
203 309 名詞 方形
0%
204 308 形容動詞 様々
0%
204 308 名詞 全体
0%
212 303 名詞 工業
0%
214 302 形容動詞・名詞 必要
0%
217 298 名詞 ごみ/ゴミ/塵
0%
220 294 動詞・名詞 整理
0%
222 290 名詞 文化
0%
225 283 動詞 計る/測る/量る
0%
228 275 形容動詞・名詞 自然
0%
238 261 名詞 地震
0%
242 257 名詞 取り組み
0%
248 247 名詞 電池
0%
249 246 動詞・名詞 仕事
0%
249 246 動詞 進める
0%
249 246 名詞 部分
0%
261 235 形容詞 詳しい
0%
263 234 動詞・名詞 意見
0%
268 228 動詞・名詞 協力
0%
269 227 動詞 探す
0%
269 227 名詞 新聞
0%
273 224 動詞 当てはまる
0%
277 221 名詞 金属
0%
282 219 形容動詞・名詞 安全
0%
286 216 動詞 広げる
0%
289 212 名詞 種類
0%
290 211 名詞 災害
0%
290 211 名詞 条件
0%
290 211 動詞 伝わる
0%
290 210 動詞 当たる
0%
290 210 名詞 できごと/出来事
0%
No matching quizzes found
Score Distribution
Percent of People with Each Score
Percentile by Number Answered
Your Score History
You have not taken this quiz